| 000 | 00529 a2200241 4500 | ||
|---|---|---|---|
| 260 | _aLyon | ||
| 630 | _a57 - Biologie | ||
| 037 | _b3, Achat | ||
| 650 | _a5 - SCIENCES EXACTES ET NATURELLES | ||
| 100 | _aLouisot, Pierre | ||
| 260 | _bSimep Editions | ||
| 245 | _aCours de biochimie structurale : 3. vitamines coenzymes | ||
| 300 | _a107 p. | ||
| 650 | _aBiochimie | ||
| 260 | _c1969 | ||
| 300 | _b27cm | ||
| 100 | _lFr | ||
| 037 | _a6280 | ||
| 037 | _a14172 | ||
| 037 | _a14174 | ||
| 999 |
_c41606 _d41606 |
||